000 00662cam a22002171 4500
001 e 22000364
003 DLC
005 20260227111213.0
008 761206s1918 xx 000 0 eng
010 _ae 22000364
035 _a(OCoLC)2600464
040 _aDLC
_cGStG
_dOCoLC
_dDLC
042 _apremarc
050 0 0 _aPN1031
_b.D4
100 1 _aDe Selincourt, Ernest,
_d1870-1943.
245 1 4 _aThe study of poetry,
_cby E. de Sélincourt, D. LITT.
260 _a[Oxford,
_bPrinted by F. Hall, at the University press]
_c1918.
300 _a20 p.
_c25 cm.
490 0 _aThe English association. Pamphlet,
_vno. 40
650 0 _aPoetry
_xHistory and criticism.
999 _c20531
_d20531